000 00590nam a2200193Ia 4500
003 GCL
008 140319s9999 xx 000 0 ara d
040 _aGCL /
_cGCL
082 0 4 _a741.235
_bا ف
100 1 _aاحمد المفتى
245 1 0 _aفن رسم الباستل /
_cاحمد المفتى
250 _aالاولى
260 _aسوريا :
_bدار دمشق للنشر والتوزيع والطباعة ،
_c2002
300 _a192 ص ؛
_c24 سم
650 0 4 _aالرسم
650 0 4 _aالطرق الفنية
650 0 4 _aالتصوير الزيتى
942 _2ddc
_cBK
999 _c6406
_d6406